| 000 | 00847cam a22002538a 4500 | ||
|---|---|---|---|
| 001 | 16814045 | ||
| 005 | 20120124110610.0 | ||
| 008 | 110607s2011 nyu 000 0 eng | ||
| 020 | _a9780273755807 (pbk.) | ||
| 040 |
_aDLC _cDLC |
||
| 082 | 0 | 0 |
_a620.136 _223 _bNEV |
| 100 | 1 |
_aNeville, Adam M. _929028 |
|
| 245 | 1 | 0 |
_aProperties of Concrete / _cA.M. Neville. |
| 250 | _a5th ed. | ||
| 260 |
_aNew York : _bPearson, _c2011. |
||
| 263 | _a1109 | ||
| 300 |
_axx, 846 p. : _bill. ; _c24 cm. |
||
| 504 | _aIncludes bibliographical references and index. | ||
| 650 | 0 |
_aConcrete. _929029 |
|
| 653 |
_bArch _cFebruary2012 |
||
| 942 |
_2ddc _cBB |
||
| 999 |
_c16495 _d16495 |
||